00413nam a2200097Ia 4500008004100000100002300041245013100064260003900195650002000234856006100254160909s9999 xx 000 0 und d aJohnson, Andrea M. aIncongruous Conceptions: Owen Jones's “Plans, Elevations, Sections and Details of the Alhambra” and British Views of Spain bUniversity of South Florida.c2016 aMULTIMEDIA ARTS uhttp://pqdtopen.proquest.com/doc/1777606606.html?FMT=ABS